000 00633nam a2200217 i 4500
001 77841
003 ES-MaACL
005 20230906173413.0
007 t|
008 041111s1945 sp ||||1| spa d
080 _a7:159.9
100 1 _aJinarajadasa, C.
_966665
245 1 3 _aEl arte y las emociones /
_cC. Jinarajadasa.
260 _aMéxico :
_bOrion,
_c1945.
300 _a149 p. ;
_c18 cm.
490 1 _aColección "Místíca y Religión"
650 1 4 _aArte-
_xAspectos psicológicos.
_910077
830 0 _aColección "Místíca y Religión"
_9231365
852 _aES-MaACL
_jE-10328
_bR.133681
999 _c77841
_d77841